Online
Catalog

Agricultura para el desarrollo / (Record no. 13796)

MARC details
000 -CABECERA
campo de control de longitud fija 00732nam a2200205 a 4500
001 - NÚMERO DE CONTROL
campo de control 000014195
005 - FECHA Y HORA DE LA ÚLTIMA TRANSACCIÓN
campo de control 20220425123923.0
008 - DATOS DE LONGITUD FIJA--INFORMACIÓN GENERAL
campo de control de longitud fija 091207s2008 ck d 000 0 spa d
020 ## - NÚMERO INTERNACIONAL ESTÁNDAR DEL LIBRO
Número Internacional Estándar del Libro 9789588307398 (mayol ediciones)
040 ## - FUENTE DE LA CATALOGACIÓN
Centro catalogador/agencia de origen DO-SdBNP
Lengua de catalogación spa
Centro/agencia transcriptor BNPHU
245 00 - MENCIÓN DE TÍTULO
Título Agricultura para el desarrollo /
Mención de responsabilidad, etc. traducción Ricardo Argüello, Ignacio Caviedes.
260 ## - PUBLICACIÓN, DISTRIBUCIÓN, ETC.
Lugar de publicación, distribución, etc. Bogotá, Colombia :
Nombre del editor, distribuidor, etc. Banco Mundial
-- Mayol Ediciones,
Fecha de publicación, distribución, etc. 2008.
300 ## - DESCRIPCIÓN FÍSICA
Extensión xi, 301 p. :
Otras características físicas diagr. ;
Dimensiones 27 cm.
500 ## - NOTA GENERAL
Nota general Textos en dos columnas
590 ## - NOTA LOCAL (RLIN)
Nota local Inventariado, 2019/ YL
700 12 - PUNTO DE ACCESO ADICIONAL--NOMBRE DE PERSONA
Nombre de persona Argüello, Ricardo
Término indicativo de función/relación trad.
9 (RLIN) 32069
700 12 - PUNTO DE ACCESO ADICIONAL--NOMBRE DE PERSONA
Nombre de persona Caviedes, Ignacio
Término indicativo de función/relación trad.
9 (RLIN) 32070
710 2# - PUNTO DE ACCESO ADICIONAL--NOMBRE DE ENTIDAD CORPORATIVA
Nombre de entidad corporativa o nombre de jurisdicción como elemento de entrada Banco Mundial
9 (RLIN) 32071
710 2# - PUNTO DE ACCESO ADICIONAL--NOMBRE DE ENTIDAD CORPORATIVA
Nombre de entidad corporativa o nombre de jurisdicción como elemento de entrada Mundi-Prensa y Mayol Ediciones
9 (RLIN) 32072
Holdings
Estado de retiro Estado de pérdida Restricciones de uso No para préstamo Código de colección Localización permanente Ubicación/localización actual Ubicación en estantería Fecha de adquisición Número de inventario Total de préstamos Signatura topográfica completa Código de barras Fecha visto por última vez Precio válido a partir de Tipo de ítem Koha
      Excluido de préstamo Monografías: Libros y Folletos General General En catalogación 07.12.2009 LF1   14195-10 25.06.2020 25.06.2020 No se presta

Powered by Koha